LIBRARY & INFORMATION CENTRE, KCAET, TAVANUR

ONLINE PUBLIC ACCESS CATALOGUE (OPAC)

Engineering metallurgy / (Record no. 5956)

MARC details
000 -LEADER
fixed length control field 00430cam a2200181ua 4500
041 ## - LANGUAGE CODE
Language code of text/sound track or separate title eng
082 ## - DEWEY DECIMAL CLASSIFICATION NUMBER
Classification number 669
Item number NAY/EN
100 ## - MAIN ENTRY--AUTHOR NAME
Personal name Nayak, S P .
245 ## - TITLE STATEMENT
Title Engineering metallurgy /
250 ## - EDITION STATEMENT
Edition statement 1 /
260 ## - PUBLICATION, DISTRIBUTION, ETC. (IMPRINT)
Place of publication Anand :
Name of publisher Charotar publishing house ,
Year of publication 1966.
300 ## - PHYSICAL DESCRIPTION
Number of Pages 533 ; .
942 ## - ADDED ENTRY ELEMENTS (KOHA)
Koha item type Books
Holdings
Withdrawn status Lost status Damaged status Home library Current library Date acquired Full call number Accession Number Koha item type
      KAUAET KAUAET 07/04/2012 669 12215 Books
free website counter